00486 2200169 4500001002100000008004100021035002000062245008900082100001700171260003700188300002100225020001800246084001400264082000800278650002000286990001000306INLIS000000000000598 Ind  a0010-0226000598 aEnsitopologi Matematika untuk SLTP (Topik-Topik Penggayaan Matematika)cDR. Wahyudin aDR. Wahyudin bCV. Tarity samudra Berlianc2003 a286 hlm.c28 cm. a979-8855-07-8 a510 WAH e a510 aIlmu-ilmu murni a426/6